Catálogo

PORFIRIO DIAZ, LOS INTELECTUALES Y LA REVOLUCION (Registro nro. 22126)

Detalles MARC
000 -LEADER
fixed length control field 00483nam a2200181 a 4500
001 - CONTROL NUMBER
control field 22126
005 - DATE AND TIME OF LATEST TRANSACTION
control field 20180713215959.0
008 - FIXED-LENGTH DATA ELEMENTS--GENERAL INFORMATION
fixed length control field 140415s1981 mx 000 0 spa d
020 ## - INTERNATIONAL STANDARD BOOK NUMBER
International Standard Book Number 9686011110
041 ## - LANGUAGE CODE
Language code of text/sound track or separate title spa
082 ## - DEWEY DECIMAL CLASSIFICATION NUMBER
Classification number 972
Item number GOM
100 1# - MAIN ENTRY--PERSONAL NAME
Personal name GOMEZ QUIÑONEZ, JUAN
245 10 - TITLE STATEMENT
Title PORFIRIO DIAZ, LOS INTELECTUALES Y LA REVOLUCION
250 ## - EDITION STATEMENT
Edition statement 1a ed.
260 ## - PUBLICATION, DISTRIBUTION, ETC.
Place of publication, distribution, etc. MEXICO :
Name of publisher, distributor, etc. EDICIONES EL CABALLITO,
Date of publication, distribution, etc. 1981
300 ## - PHYSICAL DESCRIPTION
Extent 231
650 14 - SUBJECT ADDED ENTRY--TOPICAL TERM
Topical term or geographic name entry element MEXICO
General subdivision HISTORIA
Existencias
Withdrawn status Lost status Source of classification or shelving scheme Damaged status Not for loan Collection code Home library Current library Shelving location Date acquired Source of acquisition Inventory number Total Checkouts Full call number Barcode Date last seen Date last checked out Price effective from Koha item type
    Dewey Decimal Classification     General Biblioteca Karol Wojtyla Biblioteca Karol Wojtyla Sala general 03/12/2013 Compra 151000000000000000035681 1 972 GOM 42578 05/01/2026 16/10/2018 03/12/2013 Libro